<?xml version="1.0" encoding="UTF-8"?>
<resp>
  <nextPage>https://data.bn.org.pl/api/networks/bibs.marcxml?marc=001+b00001150002529&amp;sinceId=1150002530</nextPage>
  <collection>
    <record xmlns='http://www.loc.gov/MARC21/slim'><leader>01037namZa2200337ZiZ4500</leader><controlfield tag='001'>b00001150002529</controlfield><controlfield tag='005'>20241203220219.1</controlfield><controlfield tag='008'>230609s        pl           |000 0 pol c</controlfield><controlfield tag='009'>9913261987805606</controlfield><datafield ind1=' ' ind2=' ' tag='020'><subfield code='a'>8386698330</subfield></datafield><datafield ind1=' ' ind2=' ' tag='035'><subfield code='a'>KR_1KR_1_20120317232942004955-48omnis_kr</subfield></datafield><datafield ind1=' ' ind2=' ' tag='035'><subfield code='a'>KR_1_20120317232942004955</subfield><subfield code='9'>ExL</subfield></datafield><datafield ind1=' ' ind2=' ' tag='035'><subfield code='a'>(PL)b00001150002529</subfield></datafield><datafield ind1=' ' ind2=' ' tag='040'><subfield code='a'>KR_1</subfield><subfield code='c'>KR_1</subfield></datafield><datafield ind1='1' ind2=' ' tag='041'><subfield code='a'>pol</subfield><subfield code='h'>ger</subfield></datafield><datafield ind1='1' ind2=' ' tag='100'><subfield code='a'>Stein, Frank</subfield></datafield><datafield ind1='1' ind2='0' tag='245'><subfield code='a'>Potrawy z mięsa /</subfield><subfield code='c'>Frank Stein ; [tł. Monika Świątkowska, Iwona Pańczakiewicz].</subfield></datafield><datafield ind1=' ' ind2=' ' tag='260'><subfield code='a'>W-wa :</subfield><subfield code='b'>&quot;Delta W-Z&quot;,</subfield><subfield code='c'>cop. 1994.</subfield></datafield><datafield ind1=' ' ind2=' ' tag='300'><subfield code='a'>143 s. :</subfield><subfield code='b'>fot. kolor. ;</subfield><subfield code='c'>25 cm.</subfield></datafield><datafield ind1='1' ind2=' ' tag='490'><subfield code='a'>Encyklopedia Smakosza</subfield></datafield><datafield ind1=' ' ind2=' ' tag='500'><subfield code='a'>n</subfield></datafield><datafield ind1=' ' ind2=' ' tag='504'><subfield code='a'>Indeks.</subfield></datafield><datafield ind1='1' ind2=' ' tag='700'><subfield code='a'>Świątkowska, Monika</subfield><subfield code='e'>Tł.</subfield></datafield><datafield ind1='1' ind2=' ' tag='700'><subfield code='a'>Pańczakiewicz, Iwona</subfield><subfield code='e'>Tł.</subfield></datafield><datafield ind1=' ' ind2=' ' tag='852'><subfield code='b'>48OMNIS_NETWORK</subfield><subfield code='8'>9913261987805606</subfield></datafield><datafield ind1=' ' ind2=' ' tag='852'><subfield code='b'>48OMNIS_KR</subfield><subfield code='8'>991000025289708216</subfield></datafield><datafield ind1=' ' ind2=' ' tag='920'><subfield code='a'>83-86698-33-0</subfield></datafield></record>
  </collection>
</resp>
